000 00642nam a2200193Ia 4500
008 090124s9999 xx 000 0 und d
082 _b131928
100 _aकॉनराड रीक्टर
245 _a रानातील प्रकाश
250 _a1
260 _c2004
300 _a125
600 _aकॉनराड रीक्टर
630 _a रानातील प्रकाश
700 _aकॉनराड रीक्टर
700 _aकुलकर्णी जी.ए.(गुरुनाथ आबाजी )
730 _a रानातील प्रकाश
942 _cBOOK
999 _c178017
_d178017